00501nam a2200181 a 4500001001300000003000900013005001700022008004100039020001300080082001700093100001800110245006700128260005000195300000900245500003500254505001000289650002000299nice12345678IN_TiNIC20260116013510.0050524s1976 lona grp 000 0 eng  ac193.5500a294.565bMIL aMiller, David aHindu Monastic Lifeb the Monks and Monasteries of Bhubaneswar aLondonbMcgill-Queen`s University Pressc1976 a228p aincludes index and biblioraphy2 aIndex aAsrama-Hinduism